00618nam a2200181 i 450000100060000000300090000600500170001500700030003200800410003510000370007624500440011325000150015726000450017230000480021785200320026599900170029795201220031465930ES-MaACL20230906165515.0t|040123s1966 sp ||||1| spa d1 aFuster y Mayans, Gabriel.95309310aHistoria de Manacor / cGabriel Fuster. a[1ª ed.]. a[Manacor : bOficina de prensa], c1966. a410 p., 40 lám. : bretr. aut. ; c22 cm. aES-MaACLjC-29757 bR.60238 c65930d65930 00104070aATENEOMbATENEOMcDEPO2d2008-01-17eSCl0oC-29757p1069069r2023-02-23 00:00:00w2023-02-23yMONOGRAFIA